[Event "Contrecoeur op"]
[Site "Contrecoeur CAN"]
[Date "2019.11.02"]
[Round "3.3"]
[White "Chiku-Ratte, Olivier-Kenta"]
[Black "Zhong, Kevin"]
[Result "1-0"]
[WhiteElo "2382"]
[BlackElo "2074"]
[PlyCount "85"]
[EventDate "2019.11.02"]
[EventType "swiss"]
[EventRounds "5"]
[EventCountry "CAN"]

1. d4 d5 2. c4 e6 3. Nc3 Be7 4. cxd5 exd5 5. Bf4 c6 6. e3 Bf5 7. Nge2 Nd7 8.
Ng3 Bg6 9. Be2 Ngf6 10. O-O O-O 11. Rc1 Re8 12. Bd3 Bxd3 13. Qxd3 g6 14. Kh1
Nf8 15. Nge2 Ne6 16. Be5 Ng4 17. Bg3 h5 18. f3 Nh6 19. Rcd1 h4 20. Bf2 Bd6 21.
e4 Nf4 22. Nxf4 Bxf4 23. exd5 cxd5 24. Qb5 Qd6 25. Qxd5 Bxh2 26. Qxd6 Bxd6 27.
Ne4 Be7 28. d5 f5 29. Nc3 f4 30. d6 Bd8 31. d7 Rf8 32. Rfe1 Kf7 33. Nb5 Nf5 34.
Rd5 Rh8 35. Rxf5+ gxf5 36. Nd6+ Kg8 37. Bd4 Rh6 38. Re8+ Kh7 39. Nf7 Rc6 40.
Rxd8 Rxd8 41. Nxd8 Rd6 42. Ne6 Rxd7 43. Nf8+ 1-0

[Event "Contrecoeur op"]
[Site "Contrecoeur CAN"]
[Date "2019.11.03"]
[Round "4.2"]
[White "Nunez-Painchaud, Raphael"]
[Black "Chiku-Ratte, Olivier-Kenta"]
[Result "1-0"]
[WhiteElo "2050"]
[BlackElo "2382"]
[PlyCount "79"]
[EventDate "2019.11.02"]
[EventType "swiss"]
[EventRounds "5"]
[EventCountry "CAN"]

1. c4 Nf6 2. g3 g6 3. Bg2 Bg7 4. Nc3 O-O 5. e4 c5 6. Nge2 Nc6 7. O-O d6 8. Rb1
Ne8 9. d3 Nc7 10. Nd5 Rb8 11. Nec3 Nxd5 12. exd5 Ne5 13. h3 a6 14. f4 Nd7 15.
a4 Nf6 16. Bd2 Bf5 17. Qe2 Re8 18. g4 Bd7 19. f5 Kh8 20. fxg6 fxg6 21. b4 e6
22. Bg5 h6 23. Bxf6 Bxf6 24. Qd2 Bg5 25. Qb2 Be3+ 26. Kh1 Bd4 27. Qd2 Bg7 28.
bxc5 dxc5 29. Ne4 Rf8 30. Nxc5 exd5 31. Rxf8+ Bxf8 32. Nxd7 Qxd7 33. Qf4 Re8
34. Bxd5 Qxa4 35. Qf6+ Bg7 36. Qxg6 Re2 37. Be4 Rh2+ 38. Kxh2 Qc2+ 39. Kg3 Be5+
40. Kf3 1-0

[Event "Contrecoeur op"]
[Site "Contrecoeur CAN"]
[Date "2019.11.03"]
[Round "5.4"]
[White "Chiku-Ratte, Olivier-Kenta"]
[Black "Masse, Hugues"]
[Result "1-0"]
[WhiteElo "2382"]
[BlackElo "2181"]
[PlyCount "51"]
[EventDate "2019.11.02"]
[EventType "swiss"]
[EventRounds "5"]
[EventCountry "CAN"]

1. d4 Nf6 2. c4 g6 3. Nc3 d5 4. cxd5 Nxd5 5. e4 Nxc3 6. bxc3 Bg7 7. Nf3 c5 8.
Rb1 O-O 9. Be2 cxd4 10. cxd4 Qa5+ 11. Bd2 Qxa2 12. O-O Bg4 13. Bg5 h6 14. Bh4
g5 15. Bg3 Nc6 16. d5 Rad8 17. Re1 e6 18. Nxg5 hxg5 19. Bxg4 f5 20. Qc1 Na5 21.
dxe6 Qxe6 22. exf5 Qf6 23. Qc7 b6 24. Qxa7 Nc4 25. Qa2 Qf7 26. f6 1-0

[Event "Canada int. ch"]
[Site "Longueuil CAN"]
[Date "2019.10.11"]
[Round "1.10"]
[White "Chiku-Ratte, Olivier-Kenta"]
[Black "Allard, Laurent"]
[Result "1-0"]
[WhiteElo "2382"]
[BlackElo "2092"]
[PlyCount "81"]
[EventDate "2019.10.11"]
[EventType "swiss"]
[EventRounds "5"]
[EventCountry "CAN"]

1. d4 Nf6 2. c4 g6 3. Nc3 Bg7 4. e4 d6 5. h3 O-O 6. Be3 e5 7. d5 Nh5 8. g3 Na6
9. Be2 Nf6 10. Qd2 Nc5 11. Bf3 Ne8 12. Bg2 f5 13. Nge2 a5 14. f3 b6 15. O-O-O
Nf6 16. Qc2 Nh5 17. Kb1 f4 18. gxf4 Nxf4 19. Nxf4 exf4 20. Bf2 Be5 21. h4 Qf6
22. Nb5 Qg7 23. h5 g5 24. h6 Qe7 25. Bd4 Rf7 26. Bh3 Bxh3 27. Rxh3 g4 28. Qg2
g3 29. Rh5 Rf6 30. Rg5+ Kh8 31. Rg7 Rf7 32. Rg4 Rg8 33. Qh3 Qd7 34. Bxe5+ dxe5
35. Rxg8+ Kxg8 36. Qh5 Qe7 37. d6 cxd6 38. Qg4+ Kh8 39. Nxd6 Rf8 40. Nf5 Qc7
41. Qg7+ 1-0

[Event "Canada int. ch"]
[Site "Longueuil CAN"]
[Date "2019.10.12"]
[Round "2.8"]
[White "Abou Nassif, Ahmad"]
[Black "Chiku-Ratte, Olivier-Kenta"]
[Result "0-1"]
[WhiteElo "2093"]
[BlackElo "2382"]
[PlyCount "102"]
[EventDate "2019.10.11"]
[EventType "swiss"]
[EventRounds "5"]
[EventCountry "CAN"]

1. Nf3 Nf6 2. d4 g6 3. c4 Bg7 4. Nc3 O-O 5. Bg5 c5 6. d5 h6 7. Bf4 d6 8. h3 Qa5
9. Qd2 Kh7 10. e4 e5 11. dxe6 Bxe6 12. Be2 Nc6 13. O-O Rfd8 14. Rac1 a6 15.
Rfe1 Rab8 16. a4 Nd4 17. Nxd4 cxd4 18. Qxd4 Nd5 19. Qd2 Nxc3 20. Rxc3 Qxa4 21.
Ra3 Qc6 22. Bf1 Rbc8 23. Be3 Bxc4 24. Rc1 Qxe4 25. Ra4 b5 26. Rxa6 Bxf1 27.
Rxf1 d5 28. Ra7 d4 29. Bf4 Qf5 30. g4 Qd5 31. Re1 Re8 32. Rd1 Rc6 33. Qd3 Rce6
34. Bd2 Rf6 35. Ra5 Qc4 36. Qg3 Qc2 37. Raa1 Qxb2 38. Bf4 Qc3 39. Rab1 Qxg3+
40. Bxg3 Rb6 41. Rb4 Rc8 42. Kf1 Rc4 43. Rb3 b4 44. Rdb1 Bf8 45. Bf4 Rc3 46.
Ke2 Re6+ 47. Kd1 Rf6 48. Be5 Rff3 49. Rxb4 Bxb4 50. Rxb4 Rb3 51. Rc4 Rxf2 0-1

[Event "Canada int. ch"]
[Site "Longueuil CAN"]
[Date "2019.10.13"]
[Round "4.6"]
[White "Zheng, Richard"]
[Black "Chiku-Ratte, Olivier-Kenta"]
[Result "0-1"]
[WhiteElo "2013"]
[BlackElo "2382"]
[PlyCount "144"]
[EventDate "2019.10.11"]
[EventType "swiss"]
[EventRounds "5"]
[EventCountry "CAN"]

1. b3 Nf6 2. Bb2 g6 3. Nc3 Bg7 4. d4 d5 5. Qd2 O-O 6. O-O-O c6 7. f3 b5 8. g4
Nbd7 9. a4 bxa4 10. Nxa4 a5 11. e3 Nb6 12. Nxb6 Qxb6 13. Ba3 a4 14. b4 Ba6 15.
Bxa6 Qxa6 16. Qd3 Qb7 17. g5 Nd7 18. f4 Nb6 19. Nf3 Nc4 20. Nd2 Nd6 21. c3 Rfb8
22. h4 Qb5 23. Qxb5 Nxb5 24. Nb1 f6 25. Kc2 Kf7 26. Rde1 h6 27. Reg1 hxg5 28.
hxg5 Rh8 29. Kd3 Rxh1 30. Rxh1 fxg5 31. fxg5 Ke6 32. e4 Rf8 33. Re1 Rf3+ 34.
Re3 dxe4+ 35. Kxe4 Rf1 36. Nd2 Ra1 37. Bb2 Rg1 38. Nc4 Kf7 39. Rf3+ Ke8 40. Kf4
Rg2 41. Rg3 Rh2 42. Ke4 Nd6+ 43. Nxd6+ exd6 44. Ba3 Ra2 45. Bc1 a3 46. Kd3 Ra1
47. Kc2 a2 48. Re3+ Kd7 49. Bb2 Rf1 50. Rh3 Ke8 51. Re3+ Kf7 52. Kb3 a1=Q 53.
Bxa1 Rxa1 54. Rf3+ Ke6 55. Re3+ Kf7 56. Rf3+ Kg8 57. Re3 Bf8 58. Re8 Kf7 59.
Rc8 Ra6 60. c4 Be7 61. b5 cxb5 62. cxb5 Ra1 63. Rc7 d5 64. Rb7 Ke6 65. Rb6+ Bd6
66. Rb7 Bf4 67. Rg7 Kf5 68. Rd7 Ke4 69. Rg7 Bxg5 70. Rxg6 Be3 71. Kc2 Rc1+ 72.
Kb2 Rc8 0-1

[Event "Canada int. ch"]
[Site "Longueuil CAN"]
[Date "2019.10.13"]
[Round "5.3"]
[White "Chiku-Ratte, Olivier-Kenta"]
[Black "Ortiz Suarez, Isan Reynaldo"]
[Result "1/2-1/2"]
[WhiteElo "2382"]
[BlackElo "2555"]
[PlyCount "103"]
[EventDate "2019.10.11"]
[EventType "swiss"]
[EventRounds "5"]
[EventCountry "CAN"]

1. d4 Nf6 2. c4 e6 3. Nf3 d5 4. Nc3 c6 5. e3 Nbd7 6. Qc2 Bd6 7. Bd3 dxc4 8.
Bxc4 b5 9. Be2 O-O 10. O-O Bb7 11. e4 e5 12. dxe5 Nxe5 13. Nd4 g6 14. Bg5 h6
15. Bh4 Ned7 16. Rad1 Qb8 17. Bg3 Bxg3 18. hxg3 Re8 19. a3 a6 20. Bf3 Qe5 21.
Nb3 a5 22. Rfe1 a4 23. Nc1 Nc5 24. Nd3 Nxd3 25. Rxd3 g5 26. Qd2 c5 27. Bd1 b4
28. axb4 cxb4 29. Nxa4 Qb5 30. Rd4 Rxa4 31. Bxa4 Qxa4 32. Qxb4 Qxb4 33. Rxb4
Bxe4 34. f3 Bc6 35. Rxe8+ Bxe8 36. Rb6 Nd7 37. Rxh6 f6 38. Kf2 Kg7 39. Rh1 Ne5
40. Ke2 Kf7 41. Ra1 Ke6 42. Ra6+ Bc6 43. Ke3 Kd5 44. b3 Kc5 45. g4 Kb5 46. Ra7
Bd5 47. Re7 Kc5 48. b4+ Kxb4 49. Rc7 Bc6 50. Kd4 Kb5 51. Rh7 Kb6 52. Rh6
1/2-1/2

[Event "RA Fall op"]
[Site "Ottawa CAN"]
[Date "2019.09.27"]
[Round "1.2"]
[White "Chiku-Ratte, Olivier-Kenta"]
[Black "Donev, Danail"]
[Result "1-0"]
[WhiteElo "2477"]
[BlackElo "2079"]
[PlyCount "95"]
[EventDate "2019.09.27"]
[EventType "swiss"]
[EventRounds "5"]
[EventCountry "CAN"]

1. d4 Nf6 2. c4 g6 3. Nc3 Bg7 4. e4 d6 5. Nge2 O-O 6. Ng3 e5 7. d5 Nbd7 8. Be2
a5 9. h4 h5 10. Bg5 Nc5 11. Bxh5 gxh5 12. Nxh5 Kh8 13. Nxg7 Kxg7 14. Qf3 Rg8
15. h5 Ncd7 16. Qf5 Kh8 17. Rh3 Rxg5 18. Qxg5 Qg8 19. Qe3 Nc5 20. Rg3 Qh7 21.
Qg5 Ncxe4 22. Nxe4 Qxe4+ 23. Re3 Qf4 24. Qxf4 exf4 25. Re7 Kg7 26. Rxc7 Nxh5
27. Kd2 Rb8 28. Re1 Nf6 29. Ree7 Bd7 30. a4 Bxa4 31. Rxf7+ Kg6 32. Rg7+ Kf5 33.
Rcf7 b5 34. c5 dxc5 35. g4+ fxg3 36. Rxg3 Rb6 37. Ke3 b4 38. f4 Re6+ 39. dxe6
Kxe6 40. Rxf6+ Kxf6 41. Rg5 c4 42. Rxa5 Bd7 43. Kd4 Be6 44. Ra6 Kf5 45. Rxe6
Kxe6 46. Kxc4 Kf5 47. Kxb4 Kxf4 48. Kc5 1-0

[Event "RA Fall op"]
[Site "Ottawa CAN"]
[Date "2019.09.28"]
[Round "2.2"]
[White "Saha, Ananda"]
[Black "Chiku-Ratte, Olivier-Kenta"]
[Result "0-1"]
[WhiteElo "2261"]
[BlackElo "2477"]
[PlyCount "96"]
[EventDate "2019.09.27"]
[EventType "swiss"]
[EventRounds "5"]
[EventCountry "CAN"]

1. d4 Nf6 2. Bf4 c5 3. d5 d6 4. Nc3 e5 5. dxe6 Bxe6 6. e4 Nc6 7. Bb5 Qb6 8. Nf3
Nxe4 9. Qd3 Nxc3 10. bxc3 Be7 11. O-O O-O 12. Rfe1 Rad8 13. Bxc6 Qxc6 14. Bg5
Qd7 15. Rad1 Rfe8 16. Bxe7 Qxe7 17. Qe4 h6 18. a4 Qd7 19. Qf4 Qc6 20. h3 b6 21.
Rd3 Bd5 22. Red1 Bxf3 23. Rxf3 Rd7 24. Rg3 Kf8 25. Rdd3 Qe4 26. Qc1 Qe1+ 27.
Qxe1 Rxe1+ 28. Kh2 Re2 29. Rgf3 Rxc2 30. g4 d5 31. Rf4 Ke7 32. Kg3 Kd6 33. h4
f6 34. Rf5 Kc6 35. g5 hxg5 36. hxg5 fxg5 37. Kg4 d4 38. cxd4 Rxd4+ 39. Rxd4
cxd4 40. Kf3 Rc5 41. Rf7 Re5 42. Rxg7 d3 43. Rg6+ Kc5 44. Rg8 d2 45. Rd8 Rd5
46. Rxd5+ Kxd5 47. Ke2 d1=Q+ 48. Kxd1 Kc4 0-1

[Event "RA Fall op"]
[Site "Ottawa CAN"]
[Date "2019.09.28"]
[Round "3.1"]
[White "Chiku-Ratte, Olivier-Kenta"]
[Black "Sambuev, Bator"]
[Result "1-0"]
[WhiteElo "2477"]
[BlackElo "2583"]
[PlyCount "111"]
[EventDate "2019.09.27"]
[EventType "swiss"]
[EventRounds "5"]
[EventCountry "CAN"]

1. d4 d5 2. c4 e6 3. Nc3 Be7 4. cxd5 exd5 5. Bf4 c6 6. e3 Bf5 7. Nge2 Nd7 8. h3
Ngf6 9. Ng3 Bg6 10. Bd3 Qb6 11. Rb1 Bxd3 12. Qxd3 g6 13. O-O O-O 14. b4 Qd8 15.
b5 c5 16. dxc5 Nxc5 17. Qd2 Nfe4 18. Ngxe4 dxe4 19. Qd5 Re8 20. Rfd1 Qxd5 21.
Nxd5 Bd8 22. Bd6 Nd3 23. Nf4 Nxf4 24. Bxf4 Bf6 25. Rd7 b6 26. Rc1 Re7 27. Rxe7
Bxe7 28. Rc7 Kf8 29. a4 Ke8 30. Rb7 h5 31. g4 hxg4 32. hxg4 Bd8 33. Bb8 a6 34.
Ba7 axb5 35. axb5 g5 36. Bxb6 Bxb6 37. Rxb6 Ra1+ 38. Kg2 Rb1 39. Rb7 Kf8 40. b6
Kg7 41. Rb8 Kf6 42. b7 Kg7 43. f3 exf3+ 44. Kxf3 f6 45. Ke4 Rb2 46. Kf5 Rb5+
47. Ke6 Rb6+ 48. Kd5 Rb1 49. Kc6 Rc1+ 50. Kd7 Rb1 51. e4 Rb2 52. Ke8 Kg6 53.
Kf8 Rb4 54. Kg8 Rb1 55. e5 f5 56. e6 1-0

[Event "RA Fall op"]
[Site "Ottawa CAN"]
[Date "2019.09.29"]
[Round "4.1"]
[White "Rodrigue-Lemieux, Shawn"]
[Black "Chiku-Ratte, Olivier-Kenta"]
[Result "1/2-1/2"]
[WhiteElo "2387"]
[BlackElo "2477"]
[PlyCount "26"]
[EventDate "2019.09.27"]
[EventType "swiss"]
[EventRounds "5"]
[EventCountry "CAN"]

1. e4 e5 2. f4 exf4 3. Nf3 d6 4. d4 g5 5. h4 g4 6. Ng1 Qf6 7. Nc3 Ne7 8. Nge2
Bh6 9. Qd2 Nbc6 10. Nb5 Kd7 11. Nbc3 Ke8 12. Nb5 Kd7 13. Nbc3 Ke8 1/2-1/2

[Event "RA Fall op"]
[Site "Ottawa CAN"]
[Date "2019.09.29"]
[Round "5.1"]
[White "Chiku-Ratte, Olivier-Kenta"]
[Black "Gordon, David"]
[Result "1-0"]
[WhiteElo "2477"]
[BlackElo "2251"]
[PlyCount "61"]
[EventDate "2019.09.27"]
[EventType "swiss"]
[EventRounds "5"]
[EventCountry "CAN"]

1. d4 d5 2. c4 e6 3. Nc3 c5 4. cxd5 exd5 5. Nf3 Nc6 6. g3 Nf6 7. Bg2 Be7 8. O-O
O-O 9. dxc5 Bxc5 10. Na4 Be7 11. Be3 Re8 12. Rc1 Ne4 13. Nd4 Qa5 14. a3 Bd7 15.
Nc3 Rad8 16. Nb3 Nxc3 17. Rxc3 Qb5 18. Nd4 Nxd4 19. Bxd4 Bg4 20. Bf3 Bxf3 21.
Rxf3 Bf8 22. Rd3 Re4 23. e3 b6 24. Qc2 Qd7 25. Rfd1 Qf5 26. Bc3 Rd6 27. Bb4 Rh6
28. Rxd5 Qg4 29. Rd8 Rxb4 30. axb4 Qxb4 31. Qc8 1-0

[Event "Ligue Elite du Dimanche - Prelim."]
[Site "Montreal CAN"]
[Date "2019.10.20"]
[Round "4.13"]
[White "Tanaka, Tyler"]
[Black "Chiku-Ratte, Olivier-Kenta"]
[Result "1-0"]
[WhiteElo "2264"]
[BlackElo "2462"]
[PlyCount "141"]
[EventDate "2019.09.22"]
[EventType "team"]
[EventRounds "5"]
[EventCountry "CAN"]
[WhiteTeam "Les Roches Canadiennes"]
[BlackTeam "Allez les Bleus"]

1. e4 c6 2. Nc3 d5 3. Nf3 Nf6 4. e5 Ne4 5. Ne2 e6 6. d3 Nc5 7. d4 Ne4 8. Ng3 c5
9. Bd3 Qa5+ 10. Kf1 Nc6 11. Nxe4 dxe4 12. Bxe4 cxd4 13. g3 Nxe5 14. Nxd4 f5 15.
Bg2 Be7 16. Qe2 O-O 17. Nb3 Qc7 18. Bf4 Bd6 19. Rd1 Nf7 20. Bxd6 Nxd6 21. Qe5
Qc4+ 22. Qe2 Qc7 23. Qe5 Qc4+ 24. Qe2 Qxe2+ 25. Kxe2 Nc4 26. Rd4 Nxb2 27. Rb1
e5 28. Rb4 a5 29. Nxa5 Rxa5 30. R1xb2 e4 31. f3 Be6 32. Rxb7 Ra3 33. Rc7 Re8
34. fxe4 fxe4 35. Rbb7 Kf8 36. Bh3 Bxa2 37. c3 e3 38. c4 Bxc4+ 39. Rxc4 Ra2+
40. Ke1 Rxh2 41. Rf4+ Kg8 42. Be6+ Kh8 43. Rbf7 h5 44. Rf8+ Rxf8 45. Rxf8+ Kh7
46. Rf3 h4 47. g4 e2 48. Rf2 Rxf2 49. Kxf2 h3 50. Kxe2 h2 51. Bd5 Kg6 52. Kf2
Kf6 53. Kg3 Ke5 54. Bf3 g6 55. Kxh2 Kf4 56. Kg2 Ke3 57. Kg3 g5 58. Bc6 Ke2 59.
Bd5 Ke3 60. Bf3 Kd2 61. Kf2 Kd3 62. Bb7 Kd4 63. Kf3 Kd3 64. Be4+ Kd4 65. Bf5
Kd5 66. Ke3 Ke5 67. Be4 Kd6 68. Kd4 Ke6 69. Bb1 Kd6 70. Ba2 Ke7 71. Ke5 1-0

[Event "Ligue Elite du Dimanche - Prelim."]
[Site "Montreal CAN"]
[Date "2019.10.27"]
[Round "5.1"]
[White "Chiku-Ratte, Olivier-Kenta"]
[Black "Huang, Qiuyu"]
[Result "1-0"]
[WhiteElo "2462"]
[BlackElo "2213"]
[PlyCount "95"]
[EventDate "2019.09.22"]
[EventType "team"]
[EventRounds "5"]
[EventCountry "CAN"]
[WhiteTeam "Allez les Bleus"]
[BlackTeam "DeepBlue"]

1. d4 f5 2. g3 Nf6 3. Bg2 g6 4. Nh3 Bg7 5. Nf4 O-O 6. h4 Qe8 7. h5 Nc6 8. hxg6
hxg6 9. c3 Qf7 10. Nh3 Nh7 11. Nd2 g5 12. Nf1 Qg6 13. f4 g4 14. Nf2 Nf6 15. d5
Nd8 16. e4 d6 17. Ne3 Nf7 18. Qc2 Nh6 19. Bd2 Nh5 20. Nf1 Nf6 21. O-O-O fxe4
22. Ne3 Nf5 23. Nxe4 Nxe3 24. Nxf6+ Rxf6 25. Qxg6 Rxg6 26. Bxe3 Rh6 27. Rxh6
Bxh6 28. Rh1 Bg7 29. Be4 Bd7 30. Rh5 Kf7 31. Kd2 b6 32. Bd4 Bxd4 33. cxd4 Rg8
34. Ke3 a5 35. f5 Bb5 36. Kf4 Rg7 37. Rh2 Ke8 38. Rh8+ Kd7 39. f6 exf6 40. Bf5+
Ke7 41. Rc8 Bd7 42. Rxc7 Kd8 43. Rxd7+ Rxd7 44. Bxd7 Kxd7 45. a4 Ke7 46. Kxg4
Kf8 47. Kf5 Kf7 48. b3 1-0

[Event "Vendredi 2019.09.20 AB"]
[Site "Montreal CAN"]
[Date "2019.09.20"]
[Round "1"]
[White "Saha, Ananda"]
[Black "Chiku-Ratte, Olivier-Kenta"]
[Result "0-1"]
[WhiteElo "2266"]
[BlackElo "2448"]
[PlyCount "90"]
[EventDate "2019.09.20"]
[EventType "tourn"]
[EventRounds "3"]
[EventCountry "CAN"]

1. d4 Nf6 2. Bf4 g6 3. Nc3 d5 4. e3 Bg7 5. h4 h5 6. Be2 O-O 7. Nf3 Bg4 8. Ne5
Bxe2 9. Qxe2 Nbd7 10. O-O-O c6 11. f3 Nxe5 12. Bxe5 b5 13. g4 b4 14. Na4 Qc8
15. Bxf6 Bxf6 16. gxh5 gxh5 17. Rdg1+ Kh7 18. e4 Rg8 19. e5 Rxg1+ 20. Rxg1 Bg7
21. Qd3+ Kh8 22. Nc5 Qh3 23. Kb1 Rg8 24. e6 f5 25. c3 Bf6 26. Rxg8+ Kxg8 27.
Qa6 bxc3 28. bxc3 Qxf3 29. Nd7 Qe4+ 30. Kb2 Qxe6 31. Qc8+ Kg7 32. Qf8+ Kg6 33.
Qc8 Qe2+ 34. Ka3 f4 35. Nf8+ Kf7 36. Nd7 f3 37. Qf8+ Ke6 38. Qc8 Kf5 39. Nc5+
Kf4 40. Qb8+ Kg4 41. Qc8+ Kxh4 42. Qf5 f2 43. Qf4+ Kh3 44. Qf5+ Kg2 45. Nd3
Qxd3 0-1

[Event "Montreal op"]
[Site "Montreal CAN"]
[Date "2019.09.06"]
[Round "1.2"]
[White "Javidfard, Amirsalar"]
[Black "Chiku-Ratte, Olivier-Kenta"]
[Result "0-1"]
[WhiteElo "2013"]
[BlackElo "2366"]
[PlyCount "50"]
[EventDate "2019.09.06"]
[EventType "swiss"]
[EventRounds "5"]
[EventCountry "CAN"]

1. d4 Nf6 2. Nc3 d5 3. Nf3 g6 4. h3 Bg7 5. Bf4 O-O 6. e3 c5 7. Be2 Ne4 8. Nb5
a6 9. Na3 Qb6 10. Rb1 Qb4+ 11. Kf1 Nc6 12. c4 Be6 13. Nc2 Qa5 14. cxd5 Bxd5 15.
a3 cxd4 16. exd4 Rfd8 17. Qd3 e5 18. b4 Qa4 19. Be3 Nd6 20. Qd2 exd4 21. Nfxd4
Nxd4 22. Bxd4 Nf5 23. Bd1 Bc4+ 24. Kg1 Nxd4 25. Nxd4 Qd7 0-1

[Event "Montreal op"]
[Site "Montreal CAN"]
[Date "2019.09.07"]
[Round "2.2"]
[White "Chiku-Ratte, Olivier-Kenta"]
[Black "Tanaka, Tyler"]
[Result "1-0"]
[WhiteElo "2366"]
[BlackElo "2073"]
[PlyCount "85"]
[EventDate "2019.09.06"]
[EventType "swiss"]
[EventRounds "5"]
[EventCountry "CAN"]

1. d4 Nf6 2. c4 g6 3. Nc3 Bg7 4. e4 d6 5. h3 O-O 6. Be3 e5 7. d5 a5 8. g4 Na6
9. Nge2 Nd7 10. Ng3 Ndc5 11. Be2 f5 12. gxf5 gxf5 13. Nxf5 Bxf5 14. exf5 Rxf5
15. h4 e4 16. a3 Qe7 17. Qc2 a4 18. O-O-O Nb3+ 19. Kb1 Nac5 20. h5 h6 21. Rhg1
Kh7 22. f3 Rxh5 23. fxe4 Re5 24. Bg4 Rf8 25. Bf5+ Kh8 26. Bg5 Qf7 27. Bxh6 Bxh6
28. Qh2 Qf6 29. Rg6 Qxg6 30. Bxg6 Kg7 31. Bf5 Rf6 32. Rg1+ Kf8 33. Qg3 Ke7 34.
Qg8 Bf8 35. Rh1 Ke8 36. Qh8 Ke7 37. Rh7+ Rf7 38. Rxf7+ Kxf7 39. Qh7+ Bg7 40.
Qg6+ Kg8 41. Be6+ Kh8 42. Qe8+ Kh7 43. Bf5+ 1-0

[Event "Montreal op"]
[Site "Montreal CAN"]
[Date "2019.09.07"]
[Round "3.2"]
[White "Ouellet, Maili-Jade"]
[Black "Chiku-Ratte, Olivier-Kenta"]
[Result "0-1"]
[WhiteElo "2245"]
[BlackElo "2366"]
[PlyCount "104"]
[EventDate "2019.09.06"]
[EventType "swiss"]
[EventRounds "5"]
[EventCountry "CAN"]

1. d4 Nf6 2. c4 g6 3. Nc3 Bg7 4. Nf3 O-O 5. g3 d6 6. Bg2 Nc6 7. d5 Na5 8. Nd2
c5 9. O-O a6 10. Qc2 Rb8 11. a4 e6 12. b3 exd5 13. cxd5 b5 14. axb5 axb5 15.
Bb2 Bf5 16. e4 Bd7 17. Rfe1 Re8 18. h3 b4 19. Ne2 Bb5 20. Nf4 Nd7 21. Bxg7 Kxg7
22. Nd3 Bxd3 23. Qxd3 Qb6 24. Qc2 Ne5 25. Kh1 c4 26. f4 c3 27. Nf3 Nxf3 28.
Bxf3 Re7 29. Re2 Rbe8 30. Rae1 Nb7 31. e5 Nc5 32. Qd1 Qa6 33. Qd4 Qd3 34. Qxd3
Nxd3 35. Rd1 Nc5 36. Rd4 Rb8 37. exd6 Rxe2 38. Bxe2 Nxb3 39. Rc4 Rd8 40. Bd3
Rxd6 41. Rxb4 Rxd5 42. Be4 Rd1+ 43. Kg2 Nd4 44. Kf2 c2 45. Bxc2 Rd2+ 46. Kf1
Nxc2 47. Re4 h5 48. Kg1 Nd4 49. Re3 h4 50. gxh4 Nf5 51. Re4 Nxh4 52. Ra4 Rd4
0-1

[Event "Montreal op"]
[Site "Montreal CAN"]
[Date "2019.09.08"]
[Round "4.1"]
[White "Chiku-Ratte, Olivier-Kenta"]
[Black "Dukic, Zachary"]
[Result "1-0"]
[WhiteElo "2366"]
[BlackElo "2224"]
[PlyCount "67"]
[EventDate "2019.09.06"]
[EventType "swiss"]
[EventRounds "5"]
[EventCountry "CAN"]

1. d4 Nf6 2. c4 g6 3. Nc3 Bg7 4. e4 d6 5. Nge2 O-O 6. Ng3 e5 7. d5 a5 8. Be2
Na6 9. h4 h5 10. Bg5 Qe8 11. Qd2 Kh7 12. f3 Ng8 13. O-O-O Bd7 14. Nf1 f6 15.
Be3 f5 16. exf5 gxf5 17. Bd3 Nf6 18. Bg5 Qg6 19. Ng3 Rae8 20. Rde1 c6 21. Bc2
cxd5 22. cxd5 Nb4 23. Bb1 Rc8 24. Bxf6 Rxf6 25. Nf1 Bh6 26. Ne3 Rc5 27. g4 Bxe3
28. Qxe3 Nxd5 29. Qxc5 dxc5 30. Nxd5 Rf7 31. Rhg1 Qh6+ 32. g5 Qg6 33. Rxe5 Rg7
34. Rd1 1-0

[Event "Toronto op"]
[Site "Toronto CAN"]
[Date "2019.08.31"]
[Round "1.4"]
[White "Chiku-Ratte, Olivier-Kenta"]
[Black "Kang, Dorian"]
[Result "1-0"]
[WhiteElo "2461"]
[BlackElo "2213"]
[Annotator ",Microsoft"]
[PlyCount "133"]
[EventDate "2019.08.31"]
[EventType "swiss"]
[EventRounds "6"]
[EventCountry "CAN"]

1. d4 Nf6 2. c4 e6 3. Nf3 b6 4. g3 Bb7 5. Bg2 Bb4+ 6. Bd2 Bxd2+ 7. Qxd2 O-O 8.
O-O d6 9. Nc3 Nbd7 10. Qc2 Qe7 11. e4 Rac8 12. Rae1 e5 13. d5 c6 14. Nh4 g6 15.
dxc6 Bxc6 16. Rd1 Nc5 17. Rfe1 Ne6 18. Nd5 Bxd5 19. exd5 Ng7 20. b4 Qc7 21. Rc1
Nd7 22. Bf1 f5 23. f4 e4 24. Ng2 Qb7 25. Qf2 a5 26. a3 Ra8 27. Rb1 Qc7 28. Ra1
Ra7 29. Ne3 Rfa8 30. Qb2 Qd8 31. Nc2 g5 32. Nd4 Qf6 33. fxg5 Qxg5 34. Nc6 Rc7
35. Qf2 Qf6 36. Rab1 axb4 37. axb4 h5 38. Rb3 Kh7 39. Kh1 Qg5 40. Qe3 Qxe3 41.
Rbxe3 Nb8 42. Nd4 Ra4 43. Rb1 Kg6 44. Nb5 Rd7 45. c5 dxc5 46. bxc5 bxc5 47. Nc3
Rb4 48. Rd1 Ne8 49. Bb5 Rd8 50. Bxe8+ Rxe8 51. Ne2 Nd7 52. Nf4+ Kh6 53. d6 Rd4
54. Ree1 Ne5 55. Ne2 Rxd1 56. Rxd1 Nd3 57. Ra1 Rd8 58. Ra6 Rd7 59. Nc3 Kg5 60.
Kg2 Kf6 61. Nd5+ Ke6 62. Nc7+ Ke5 63. Nb5 Ne1+ 64. Kf2 Nf3 65. Rc6 Kd5 66. Rc7
Ne5 67. Ke3 {Time.} 1-0

[Event "Toronto op"]
[Site "Toronto CAN"]
[Date "2019.08.31"]
[Round "2.3"]
[White "Jiang, Brian"]
[Black "Chiku-Ratte, Olivier-Kenta"]
[Result "0-1"]
[WhiteElo "2180"]
[BlackElo "2461"]
[PlyCount "40"]
[EventDate "2019.08.31"]
[EventType "swiss"]
[EventRounds "6"]
[EventCountry "CAN"]

1. d4 Nf6 2. c4 g6 3. Nc3 Bg7 4. Nf3 O-O 5. Bg5 c5 6. d5 d6 7. Qc2 e6 8. e4 h6
9. Bc1 exd5 10. cxd5 Re8 11. Bd3 Na6 12. a3 c4 13. Be2 Nc5 14. Nd2 b5 15. Nxb5
Nfxe4 16. Nxc4 a6 17. Nc3 Nxc3 18. bxc3 Bf5 19. Qd1 Rxe2+ 20. Qxe2 Bxc3+ 0-1

[Event "Toronto op"]
[Site "Toronto CAN"]
[Date "2019.09.01"]
[Round "3.1"]
[White "Chiku-Ratte, Olivier-Kenta"]
[Black "Noritsyn, Nikolay"]
[Result "1/2-1/2"]
[WhiteElo "2461"]
[BlackElo "2606"]
[PlyCount "151"]
[EventDate "2019.08.31"]
[EventType "swiss"]
[EventRounds "6"]
[EventCountry "CAN"]

1. d4 d5 2. c4 dxc4 3. Nf3 e6 4. e3 b5 5. a4 b4 6. Bxc4 Bb7 7. O-O Nf6 8. Nbd2
Be7 9. Qe2 O-O 10. b3 c5 11. Bb2 Nbd7 12. Rfd1 Qa5 13. Rac1 Rfc8 14. dxc5 Nxc5
15. Ne5 Nd5 16. Qh5 Rf8 17. Bxd5 Bxd5 18. Qg4 f6 19. e4 fxe5 20. Bxe5 Rf7 21.
exd5 exd5 22. Qg3 Raf8 23. Bd4 Ne6 24. Nf3 Nf4 25. Rd2 Qa6 26. Re1 Bd6 27. Be5
h6 28. h3 Bxe5 29. Nxe5 Rf5 30. Ng4 Rg5 31. Kh1 h5 32. Qh4 Qg6 33. g3 hxg4 34.
gxf4 Rh5 35. Qe7 Rxh3+ 36. Kg2 Qh6 37. Qe6+ Qxe6 38. Rxe6 Rxb3 39. Rxd5 Rxf4
40. Rd7 Rbf3 41. Re8+ Kh7 42. Ree7 Rxf2+ 43. Kg3 R2f3+ 44. Kg2 Rf2+ 45. Kg3 Kh6
46. Rxg7 R4f3+ 47. Kxg4 Rg2+ 48. Kxf3 Rxg7 49. Rd5 Rg5 50. Rd4 a5 51. Ke2 Rg2+
52. Kd3 Ra2 53. Rd6+ Kg7 54. Rd7+ Kf6 55. Kc4 Rxa4 56. Rd2 Ke6 57. Kc5 Ra3 58.
Re2+ Kf5 59. Kc4 b3 60. Rf2+ Ke4 61. Rf8 a4 62. Re8+ Kf5 63. Rf8+ Ke6 64. Re8+
Kd7 65. Rb8 Ra2 66. Kc3 Kc7 67. Rb4 Kc6 68. Rb8 Kd5 69. Rd8+ Ke4 70. Re8+ Kf3
71. Rf8+ Ke2 72. Re8+ Kd1 73. Rh8 Ke1 74. Rh1+ Ke2 75. Rh2+ Ke3 76. Rxa2
1/2-1/2